000 00714nam a2200289Ia 4500
005 20260324120725.0
008 008 260324s9999 xx 000 0 eng d
020 _a9780203795095
037 _aEBOOK
040 _aCRL
040 _beng
040 _cCRL
041 _2eng
041 _aeng
084 _qCRL
100 _aJiri Hudecek
_91159717
245 0 _aReviving Ancient Chinese Mathematics
245 0 _bMathematics, History and Politics in the Work of Wu Wen-Tsun
260 _bTaylor and Francis
260 _c2014
365 _a
365 _b265
856 _uhttp://www.taylorfrancis.com/books/9780203795095
942 _cEBOOK
999 _c1751395
_d1751395